Nalaganje...
Black holes and other marvels /
| Glavni avtor: | |
|---|---|
| Jezik: | English |
| Izdano: |
London :
Future Publication,
1978.
|
| Teme: |
| LEADER | 00371nam a22001217a 4500 | ||
|---|---|---|---|
| 008 | 210914b |||||||| |||| 00| 0 eng d | ||
| 100 | |a Pournelle, Jerry | ||
| 245 | |a Black holes and other marvels / |c Jerry Pournelle | ||
| 260 | |a London : |b Future Publication, |c 1978. | ||
| 300 | |a 334 p. ; |c 18 cm. | ||
| 650 | 7 | |2 fast |9 1169581 |a Science fiction, American | |
| 942 | |c BK | ||
| 999 | |c 361129 |d 361129 | ||